000 00311nam a22001097a 4500
008 160422b xxu||||| |||| 00| 0 eng d
020 _a9780323044868
041 _aeng
080 _a615:618.2
245 _aPharmacology and the Nursing process:
_cBarbara Allerton;Diane S. Benson; Vivian Biggers;
942 _2udc
_cBK
999 _c1528
_d1528